| 000 | 00606cam a2200217 4500500 | ||
|---|---|---|---|
| 005 | 20260405003447.0 | ||
| 041 | _afre | ||
| 042 | _adc | ||
| 100 | 1 | 0 |
_aN’Diaye, Aïda _eauthor |
| 245 | 0 | 0 | _aL’Amour la mer |
| 260 | _c2022. | ||
| 500 | _a61 | ||
| 690 | _aMémoire | ||
| 690 | _aMort | ||
| 690 | _aPascal Quignard | ||
| 690 | _aVanité | ||
| 690 | _aVieillesse | ||
| 690 | _aVieillissement | ||
| 786 | 0 | _nPhilosophie magazine | 156 | 2 | 2022-02-01 | p. 72-72 | 1951-1787 | |
| 856 | 4 | 1 | _uhttps://shs.cairn.info/magazine-philosophie-magazine-2022-2-page-72?lang=fr&redirect-ssocas=7080 |
| 999 |
_c2067737 _d2067737 |
||